La psicología (Registro nro. 67477)
[ vista simple ]
| 000 -ENCABEZADO | |
|---|---|
| Número de control [NR] | 00937nam a22002297a 4500 |
| 005 - FECHA Y HORA DE LA ÚLTIMA TRANSACCIÓN | |
| control field | 20240311124940.0 |
| 008 - DE LONGITUD FIJA DE DATOS DE ELEMENTOS - INFORMACIÓN GENERAL | |
| Elementos de longitud fija [NR] | 130821s xx ao gr spa |
| 040 ## - FUENTE DE CATALOGACION [NR] | |
| Agencia de catalogación original [NR] | Co-BoUCM |
| Idioma de catalogación [NR] | spa |
| Quien Cataloga | Luz Cupitra (modificó) |
| Quien Clasifica | Luz Cupitra (modificó) |
| 041 00 - CODIGO DE IDIOMA [R] | |
| Código de idioma para texto/pista de sonido o título separado [R] | Español |
| 092 ## - SIGNATURA TOPOGRAFICA LOCAL | |
| Número de clasificación local | FMR 0212 |
| 100 1# - ASIENTO PRINCIPAL--NOMBRE PERSONAL [NR] | |
| Nombre personal [NR] | Heinz Dirks |
| ID Autoridad | 74644 |
| 245 10 - MENCION DE TITULO [NR] | |
| Título [NR] | La psicología |
| Mención de responsabilidad, etc. [NR] | Heinz Dirks |
| 260 ## - PUBLICACION, DISTRIBUCION, ETC. (PIE DE IMPRENTA) [R] | |
| Lugar de publicación, distribución, etc. [R] | [Lugar desconocido] |
| Nombre del editor, distribuidor, etc. [R] | [Editorial desconocida] |
| Fecha de publicación, distribución, etc. [R] | [fecha desconocida] |
| 300 ## - DESCRIPCION FISICA [R] | |
| Extensión [R] | 376 páginas |
| Otros detalles físicos [NR] | ilustraciones, cuadros, fotografías |
| 490 #0 - MENCION DE SERIE [R] | |
| Mención de serie [R] | Enciclopedia general de la ciencia |
| Designación numérica/secuencial del volumen [NR] | no. 2 |
| 500 ## - NOTA GENERAL [R] | |
| Nota general [NR] | Transferencia al Archivo Histórico en marzo de 2024. Investigación Emilio Quevedo, historiador de la medicina colombiana. |
| 650 04 - ASIENTO SECUNDARIO DE MATERIA - TERMINO TEMATICO [R] | |
| Término temático o nombre geográfico como elemento de entrada [NR] | Autorrealización (Psicología) |
| 9 (RLIN) | 9836 |
| 650 04 - ASIENTO SECUNDARIO DE MATERIA - TERMINO TEMATICO [R] | |
| Término temático o nombre geográfico como elemento de entrada [NR] | Personalidad e inteligencia |
| 9 (RLIN) | 21417 |
| 650 04 - ASIENTO SECUNDARIO DE MATERIA - TERMINO TEMATICO [R] | |
| Término temático o nombre geográfico como elemento de entrada [NR] | Psicología individual |
| 9 (RLIN) | 22844 |
| 650 04 - ASIENTO SECUNDARIO DE MATERIA - TERMINO TEMATICO [R] | |
| Término temático o nombre geográfico como elemento de entrada [NR] | Psicología |
| 9 (RLIN) | 8001 |
| 942 ## - ELEMENTOS DE ENTRADA AGREGADOS (KOHA) | |
| Tipo de ítem principal el descrito en 300a | Libro |
| Tema principal | 9 |
| Edición | 1 |
| Sistema de clasificación | LOCAL |
| Clasificación | FMR 0212 |
| Parte restante de la signatura top. | FMR 0212 |
| Suprimido | Perdido | Sistema de clasificación | Dañado | No prestable | Tipo de ítem específico | Ubicación habitual | Ubicación actual | Localización | Fecha de creación | Forma de adquisición | Costo | Total préstamos | Total Renewals | Signatura topográfica | Código de barras | Última vez visto | Fecha de último préstamo | Ejemplar | Price effective from | Tipo de ítem | Nota pública (OPAC) |
|---|---|---|---|---|---|---|---|---|---|---|---|---|---|---|---|---|---|---|---|---|---|
| LOCAL | Libro | Archivo Histórico | Archivo Histórico | Archivo histórico | 28/02/2010 | Donación | 26000.00 | 2 | 11 | FMR 0212 | 100107387 | 25/01/2024 | 09/02/2013 | Ej.1 | 03/02/2013 | Libro | TRANSFERENCIA CRAI C19 |